期刊信息 |
| 索取号 |
TK512/Z658
|
| 题名 |
太阳能
|
| 作者 |
中国太阳能学会,中国农村能源行业协会太阳能热利用专委会主办
|
| 分册号 |
|
| 分册名 |
|
| 出版地 |
北京
|
| 出版者 |
本刊编辑部
|
| 标准刊号 |
1003-0417
|
| 出版频率 |
半月刊
|
| 中图法分类 |
TK51
|
| 主题词 |
太阳能 技术
|
| 电子资源 | |
| |
|
| 000 | 00902nas0 2200241 45 | |
| 001 | 0162151530 | |
| 005 | 20100902123454.68 | |
| 011 | @a1003-0417@dCNY15.00 | |
| 091 | @aCN11-1660 | |
| 092 | @aCN@b02-164 | |
| 100 | @a20010830d km y0chiy0120 ea | |
| 101 | 0 | @achi |
| 102 | @aCN@b110000 | |
| 200 | 1 | @a太阳能@ATai Yang Neng@f中国太阳能学会,中国农村能源行业协会太阳能热利用专委会主办@FZhong Guo Tai Yang Neng Xue Hui,Zhong Guo Nong Cun Neng Yuan Hang Ye Xie Hui Tai Yang Neng Re Li Yong Zhuan Wei Hui Zhu Ban |
| 210 | @a北京@c本刊编辑部 | |
| 326 | @a半月刊 | |
| 606 | 0 | @a太阳能@x技术 |
| 690 | @aTK51@v3 | |
| 690 | @aTK512@v4 | |
| 711 | 0 | @a中国太阳能学会@AZhong Guo Tai Yang Neng Xue Hui |
| 711 | 0 | @a中国农村能源行业协会太阳能热利用专委会主办@AZhong Guo Nong Cun Neng Yuan Hang Ye Xie Hui Tai Yang Neng Re Li Yong Zhuan Wei Hui Zhu Ban |
| 801 | 0 | @aCN@bPFT@c20100902 |
| 905 | @dTK512@eZ658 | |
| 太阳能/中国太阳能学会,中国农村能源行业协会太阳能热利用专委会主办.-北京:本刊编辑部 |
| ISSN 1003-0417:CNY15.00 |
| ● |
| 相关链接: |
|
|
|